Posúdenie vplyvu podmienok prevádzky na funkčnosť elektrickej požiarnej signalizácie vo vybranej spoločnosti

Na minha lista:
Detalhes bibliográficos
Autor principal: Ondrášik, Tomáš (Author)
Outros Autores: Martinka, Jozef (Thesis advisor)
Formato: Manuscrito Livro
Idioma:eslovaco
Publicado em: 2015
Assuntos:
Acesso em linha:http://is.stuba.sk/zp/portal_zp.pl?podrobnosti=96614
Tags: Adicionar Tag
Sem tags, seja o primeiro a adicionar uma tag!

MARC

LEADER 00000ntm a22000003a 4500
001 stuzp52356
003 SK-STU
005 20160719154138.8
007 ta
008 150427s2015----xo-----f-mn---000-0-slo-d
040 |a STU  |b slo 
041 0 |a slo 
100 1 |a Ondrášik, Tomáš  |u 065000  |4 aut  |U MTF Materiálovotechnologická fakulta  |T MTF Ústav bezpečnosti, environmentu a kvality  |X 6920  |U M5000  |Y 85  |7 6920 
242 0 1 |a Assessment of the impact of the service on the functionality of the electric fire alarm in the selected companies  |y eng 
245 1 0 |a Posúdenie vplyvu podmienok prevádzky na funkčnosť elektrickej požiarnej signalizácie vo vybranej spoločnosti 
260 |c 2015 
650 4 |a vplyv prostredia  |2 slo 
650 4 |a prevádzka  |2 slo 
650 4 |a elektrická požiarna signalizácia  |2 slo 
650 4 |a electric fire alarm system  |2 eng 
650 4 |a the impact of the environment  |2 eng 
650 4 |a the operation  |2 eng 
700 1 |a Martinka, Jozef  |4 ths  |X 45163  |7 A000045163 
856 4 |u http://is.stuba.sk/zp/portal_zp.pl?podrobnosti=96614 
996 |c M* BP-7478  |l MMSKP  |s P  |a 0  |w stuzp52356_0001 
SQL |a stuzp52356  |b DBP  |c SLO  |d Posúdenie vplyvu podmienok prevádzky na funkčnosť elektrickej požiarnej signalizácie vo vybranej spoločnosti  |e 6920  |f Ondrášik, Tomáš  |g 065000  |h 45163  |i Martinka, Jozef  |j 20150622  |k 169  |l 06  |m http://is.stuba.sk/zp/portal_zp.pl?podrobnosti=96614  |n B-BOZ  |o 8.3.5. bezpečnosť a ochrana zdravia pri práci